| 000 | 00338nam a22001457a 4500 | ||
|---|---|---|---|
| 003 | SGT | ||
| 020 | _a978-81-739-479-5 | ||
| 082 |
_a616.07 _bC18M |
||
| 100 | _aMANDAL, A. K. | ||
| 245 | _aCOMPREHENSIVE TB. OF PATHOLOGY FOR NURSING | ||
| 260 |
_aINDIA _bAPC PUB _c2018 |
||
| 300 | _a241 | ||
| 650 | _aPATHOLOGY | ||
| 942 |
_2ddc _cBK _036 |
||
| 999 |
_c16523 _d16523 |
||